Statistics for Most Corrupt Countries - With Exceptions

Click here to take the quiz!

General Stats

  • This quiz has been taken 25 times
  • The average score is 26 of 35

Answer Stats

IndexCountry% Correct
25Iran
96%
16Afghanistan
91%
23Iraq
91%
16North Korea
91%
30Russia
91%
13Syria
91%
27Pakistan
87%
16Yemen
87%
34El Salvador
83%
27Guatemala
83%
24Honduras
83%
24Lebanon
83%
21Nicaragua
83%
13Venezuela
83%
32Ukraine
78%
26Bangladesh
74%
20Haiti
74%
33Mexico
74%
29Myanmar
74%
32Dominican Republic
70%
26Kyrgyzstan
70%
19Turkmenistan
70%
23Cambodia
65%
33Philippines
65%
25Tajikistan
65%
28Uzbekistan
65%
30Bolivia
61%
31Paraguay
61%
31Azerbaijan
57%
30Laos
57%
33Nepal
57%
35Bosnia and Herzegovina
52%
35Mongolia
52%
35Albania
48%
31Papua New Guinea
43%

Score Distribution

Percentile by Number Answered

Percent of People with Each Score

Your Score History

You have not taken this quiz